Organisation theory and behaviour Ed 6 (Record no. 138603)

MARC details
000 -LEADER
fixed length control field 00525nam a2200217Ia 4500
008 - FIXED-LENGTH DATA ELEMENTS--GENERAL INFORMATION
fixed length control field 210210b2009 xxu||||| |||| 00| 0 eng d
041 ## - LANGUAGE CODE
Language code of text/sound track or separate title eng
082 ## - DEWEY DECIMAL CLASSIFICATION NUMBER
Classification number 658.4 SINO
100 ## - MAIN ENTRY--PERSONAL NAME
Personal name SING (B P)
245 ## - TITLE STATEMENT
Title Organisation theory and behaviour Ed 6
250 ## - EDITION STATEMENT
Edition statement
260 ## - PUBLICATION, DISTRIBUTION, ETC.
Place of publication, distribution, etc. Delhi
Name of publisher, distributor, etc. Dhanpat Rai & Co (P) Ltd.
Date of publication, distribution, etc. 2009
300 ## - PHYSICAL DESCRIPTION
Extent xi,769
650 ## - SUBJECT ADDED ENTRY--TOPICAL TERM
Topical term or geographic name entry element theory
650 ## - SUBJECT ADDED ENTRY--TOPICAL TERM
Topical term or geographic name entry element Organisation
650 ## - SUBJECT ADDED ENTRY--TOPICAL TERM
Topical term or geographic name entry element behaviour
650 ## - SUBJECT ADDED ENTRY--TOPICAL TERM
Topical term or geographic name entry element and
690 ## - LOCAL SUBJECT ADDED ENTRY--TOPICAL TERM (OCLC, RLIN)
Topical term or geographic name as entry element Organisational Behaviour
700 ## - ADDED ENTRY--PERSONAL NAME
Personal name CHHABRA (T N)
906 ## - LOCAL DATA ELEMENT F, LDF (RLIN)
a 063681
Holdings
Withdrawn status Lost status Damaged status Not for loan Collection code Home library Current library Shelving location Date acquired Source of acquisition Cost, normal purchase price Total Checkouts Full call number Barcode Date last seen Date last checked out Price effective from Koha item type
          St Aloysius Library St Aloysius Library Organizational Behavior 02/17/2021 West Coast Paper & Stationers Mangalore-1 170.00 3 658.4 SINO 063681 10/14/2024 10/03/2024 02/17/2021 Book